000 01285nam a22001577a 4500
041 _aukr
080 _a09
090 _bМУЗ
100 _aМузичук О.
245 _aЛінгвокогнітивні особливості англійської лексики на позначення екології
260 _aОстрог
_bКАФ
_c2012
300 _a54
520 _aРозділ 1. Теоритичні аспекти когнітивної лексики. 1.1 Виникнення та розвиток когнітивної лінгвістики. 1.2 Когнітивна лінгвістика як науковий напрям. 1.3 Теоритичні аспекти семантики. Розділ 2. Лінгвокогнітивний аналіз лексики на позначення екології. 2.1 Семантична база екологічного дискурсу. 2.2 Лексико-семантичний аналіз лексики на позначення екології. 2.3 Шляхи та способи збагачення англійської лексики на позначення екології.
_0лексика,лінгвокогнітивний,екологія
650 _aResearch Papers
999 _c284946
_d284946
942 _cBK